00455pab a2200169 454500008004000000100002200040245004500062260000900107300001300116362000800129650002700137650002600164650002600190650001000216700002600226773003300252180718b2013 xxu||||| |||| 00| 0 eng d aBurgard, Sarah A. aGender and time of sleep among US adults c2013 ap.51-69. aFeb aAdults - United states aSleep - United states aWomen - United states aWomen aAlishire, Jennifer A. aAmerican Sociological Review